| 000 | 00902nam0a22003011 4500 | ||
|---|---|---|---|
| 001 | 2568211 | ||
| 005 | 20251118181748.6 | ||
| 021 |
_aRU _b78-10646 |
||
| 035 | _a(NLR Aleph) 006452395 | ||
| 090 |
_a5751949 _c5751949 |
||
| 100 | _a20110316d1978 u y0rusy50 ca | ||
| 101 | 1 |
_arus _ager _cest |
|
| 102 | _aRU | ||
| 105 | _aa z ||||| | ||
| 200 | 1 |
_aPärnu _f[Übers. aus dem Estnischen: Viktor Sepp] |
|
| 210 |
_aTallinn _cPerioodika _d1978 |
||
| 215 |
_a55 с., 16 л. ил. _d21 |
||
| 300 | _aПеред загл. авт.: R. Aller | ||
| 300 | _aНа обл. авт. не указан | ||
| 686 |
_aЯ23(2Э-2Пярну) _2rubbk |
||
| 700 | 1 |
_aАллер _bР.М. _gРудольф Михкелевич |
|
| 702 | 1 |
_aSepp _bV. _gViktor _4570 |
|
| 801 | 0 |
_aRU _bNLR _gpsbo |
|
| 801 | 1 |
_aRU _bELAR _2rusmarc |
|
| 852 |
_aNLR _jDesideratum |
||
| 899 |
_aRuMoRGB _jНем 78-3/154 |
||
| 942 | _cBOOK | ||
| 980 | _aNB | ||